000 00275nam a2200097Ia 4500
082 _a920 KOT
245 0 _aVoetspore in die Kalahari
100 _a ELLIOTT, Geoff Highlands North, South Africa, 2005
_971876
942 _cBK
008 210817s9999 xx 000 0 und d
999 _c234397
_d234395